| 000 | 01014nam a2200289 a 4500 | ||
|---|---|---|---|
| 001 | 60933 | ||
| 003 | BD-RjUL | ||
| 005 | 20211209080910.0 | ||
| 008 | 170104s1981 nyu b 001 0 eng d | ||
| 020 | _a0195203682 | ||
| 020 | _a0195203690 (pbk.) | ||
| 035 | _a(BD-RjUL)61057 | ||
| 040 |
_aDLC _cDLC _beng _d(BD-RjUL) |
||
| 041 | _aeng | ||
| 082 |
_223 _a338.9091724 _bSTF 1981 |
||
| 100 | 1 |
_aStreeten, Paul. _9181690 |
|
| 245 | 1 | 0 |
_aFirst things first : _bmeeting basic human needs in the developing countries / _cPaul Streeten with Shahid Javed Burki ... [et al.] |
| 260 |
_aNew York ; _aOxford : _bOxford University Press, _c1981 |
||
| 300 |
_axii, 206 p. ; _c23 cm |
||
| 500 | _aA World Bank publication | ||
| 504 | _aIncludes bibliography:(p. 193-199) and index | ||
| 650 | 0 |
_aEconomic assistance _zDeveloping countries _9181691 |
|
| 650 | 0 |
_aBasic needs _zDeveloping countries _9181692 |
|
| 651 | 0 |
_aDeveloping countries _xEconomic policy _9171747 |
|
| 710 | 2 |
_aWorld Bank. _9171728 |
|
| 942 |
_2ddc _cBK |
||
| 999 |
_c60933 _d60933 |
||